00672nam a2200217Ia 450000500170000000800410001702000300005804000190008804100120010708200170011924500960013626000540023230000140028650400400030063000140034063000130035465000260036765100270039370000230042085000110044320240306112437.0131103s9999 xx 000 0 und d a8183160840cRs 3500 (set) aLoreto College aEnglish a371.33 bKOV aEncyclopaedia of Education and Technology Vol 1 b cEdited by Ann Kovalchick, Kara Dawson aNew DelhibNeelkamal Publications Pvt. Ltd.c2006 axxi,371p  aIncludes bibliographical references aEducation aLearning aTeaching and Learning aEducational Technology aKovalchick Ann, ed aLCLIB